| 000 | 00000nam 2200000za 4500 |
| 001 | 9.630462 |
| 003 | CaOODSP |
| 005 | 20230215131228 |
| 007 | cr ||||||||||| |
| 008 | 150407|1980||||xxc|||||o f|0| 0 fre d |
| 040 | |aCaOODSP|bfre |
| 043 | |an-cn--- |
| 086 | 1 |aA63-1489-1980F-IN |
| 110 | 1 |aCanada. |bAgriculture et agroalimentaire Canada. |bDirection générale des services à l'industrie et aux marchés. |
| 245 | 10|aGestion du poulailler familial / |h[ressource électronique]|cPublié par Agriculture Canada. |
| 260 | |aOttawa - Ontario : |bAgriculture et Agroalimentaire Canada. |c1980. |
| 300 | |a11p. (1973 kb)|bill. |
| 500 | |a«Cette publication a été rédigée par la Direction de volaille du ministère de l'Agriculture de la Colombie-Britannique.» |
| 520 | 3 |aCette publication a été rédigée par la Direction de volaille du ministère de l'Agriculture de la Colombie-Britannique |
| 590 | |a00-44|b2000-11-03 |
| 691 | 07|aVolaille|2gcpds |
| 691 | 07|aCouveuse|2gcpds |
| 794 | |tGestion du poulailler familial / |w(CaOODSP)9.643096 |
| 856 | 40|ahttp://publications.gc.ca|qPDF|s1973 KB|uhttps://publications.gc.ca/collections/Collection/A63-1489-1980F.pdf |